000 00748nab a2200229u 4500
001 19378
003 HDC
007 c| |||a|c|aaaa
008 210226b20071127my ||||o |||| 00| 0 may d
040 _aHDC
100 _aMOHD RUFFEDGE /
_eauthor
_917824
245 0 _aApa sudah jadi dengan status 'halal' di Malaysia? /
_cMOHD RUFFEDGE
336 _atext
_2rdacontent
337 _acomputer
_2rdamedia
338 _aonline resource
_2rdacarrier
650 _ahalal logo
_91692
650 _ahalal status
_9540
856 _zRequest full-text at [email protected]
942 _2lcc
942 _cNEWS
942 _kNWS0 003541
999 _c16694
_d16694